Implementación del protocolo y manual de operaciones del Acueducto Metropolitano: Sistema Tres Ríos

Furkejuvvon:
Bibliográfalaš dieđut
Váldodahkki: Céspedes Araya, Karina
Materiálatiipa: Girji
Giella:Spanish
Almmustuhtton: [San José, Costa Rica] 2012
Fáttát:
Fáddágilkorat: Lasit fáddágilkoriid
Eai fáddágilkorat, Lasit vuosttaš fáddágilkora!

MARC

LEADER 00000nam a22000007a 4500
003 011576
005 20221231143921.0
008 151016b2012 c a|||| |||| 00| 0 spa d
040 |c cru CEDI 
090 |a TFG 6747 
100 |9 1602  |a Céspedes Araya, Karina  
245 |a  Implementación del protocolo y manual de operaciones del Acueducto Metropolitano: Sistema Tres Ríos  
260 |a [San José, Costa Rica]  |c 2012 
500 |a Proyecto de graduación (licenciatura en ingeniería civil)--Universidad de Costa Rica. Facultad de Ingeniería. Escuela de Ingeniería Civil 
650 |x ACUEDUCTO METROPOLITANO   |x SUMINISTRO DE AGUA  |x PROCESOS DE POTABILIZACION DEL AGUA  |x TANQUES PARA AGUA   |x ESTACIONES DE BOMBEO  |x CONTROL DE PROCESOS  |x  ACUEDUCTO METROPOLITANO (Nombre corporativo) SUMINISTRO DE AGUA (Materia) PROCESOS DE POTABILIZACION DEL AGUA (Materia) TANQUES PARA AGUA (Materia) ESTACIONES DE BOMBEO (Materia) CONTROL DE PROCESOS (Materia) INSTITUTO COSTARRICENSE DE ACUEDUCTOS Y ALCANTARILLADOS. SUBGERENCIA DE SISTEMAS DEL GAM. DIRECCION DE OPERACION Y CONTROL. SISTEMA DE ABASTECIMIENTO TRES RIOS  |9 1603 
942 |c TFG 
999 |c 14197  |d 14197